Statistics for August 9th: Birthdays

Click here to take the quiz!

General Stats

  • This quiz has been taken 5 times
  • The average score is 3 of 11

Answer Stats

YearClueAnswer% Correct
1963Actress in The BodyguardWhitney Houston
100%
1648German composerJohann Bach
75%
1928Basketball Hall of Fame guardBob Cousy
50%
1964NHL LegendBrett Hull
25%
1967NFL LegendDeion Sanders
25%
1776Contributed to molecular theoryAmedeo Avogadro
0%
1950Co-creator of Trivial PursuitChris Haney
0%
1961New Zealand Prime MinisterJohn Key
0%
1938Won 11 Grand SlamsRod Laver
0%
1914Wrote MoominsTove Jansson
0%
1782President of MexicoVicente Guerrero
0%

Score Distribution

Percentile by Number Answered

Percent of People with Each Score

Your Score History

You have not taken this quiz